Migračné procesy v priestore EÚ na začiatku 21. storočia - Proces feminizácie migrácie diplomová práca

Salvato in:
Dettagli Bibliografici
Autore principale: Matulová, Ivana
Ente Autore: Fakulta medzinárodných vzťahov EU. Katedra medzinárodných politických vzťahov
Altri autori: Zágoršeková, Marta
Natura: Libro
Lingua:slovacco
Pubblicazione: Bratislava 2015
Tags: Aggiungi Tag
Nessun Tag, puoi essere il primo ad aggiungerne!!

MARC

LEADER 00000nbm a2200000 4500
001 0201136
005 20161212095923.9
041 0 |a slo 
044 |a SK 
245 1 0 |a Migračné procesy v priestore EÚ na začiatku 21. storočia - Proces feminizácie migrácie  |b diplomová práca  |c Ivana Matulová ; školiteľ: Marta Zágoršeková 
264 1 |a Bratislava  |c 2015 
300 |a 70 s. 
100 1 |a Matulová, Ivana 
700 1 |a Zágoršeková, Marta 
710 2 |a Fakulta medzinárodných vzťahov EU. Katedra medzinárodných politických vzťahov